[Event "WCPL:The Vale-Cardigan"]
[Site "?"]
[Date "2016.01.24"]
[Round "4.10"]
[White "Taylor, Robert Graham"]
[Black "Van Kemenade, Rudy"]
[Result "1/2-1/2"]
[WhiteElo "2002"]
[BlackElo "1964"]
[Annotator "Kemenade"]
[PlyCount "112"]
[EventDate "2016.01.24"]
[EventCountry "WLS"]

1. Nf3 f5 2. d4 Nf6 3. g3 g6 4. Bg2 Bg7 5. c4 O-O 6. O-O d6 7. Nc3 c6 8. Qc2 (
8. d5 {main}) 8... Na6 9. Bd2 (9. a3 {main}) (9. Rd1) 9... Qe8 10. Rae1 $146 (
10. Rad1 e5 11. dxe5 dxe5 12. Be3 e4 13. Nd4 Nc7 $11 {Neese-Kuehn, GER ch
Seniors, Erfurt 2008,0-1} (13... Ng4 $15)) (10. Rfe1 e5 11. dxe5 dxe5 12. Rad1
e4 13. Ng5 h6 14. Nh3 g5 $15 {Just-Grahn, EU ch tm Seniors Sibenik 2014, 0-1})
(10. Qb3 e5 11. c5+ d5 (11... Be6 12. Qxb7 Bc4 13. cxd6 Rf7 14. d7 (14. Qxa8
Qxa8 15. Nxe5 Bd5 16. Nxd5 cxd5 17. Nxf7 Kxf7 18. Rac1 $14) 14... Rxd7 15. Qxc6
Rc8 16. Qa4 exd4 $11 {Baklanov-O'Connell, RUS-USA email, ICCF 2013,1/2-1/2})
12. Nxe5 Nxc5 $11 {Shapiro-Pirs, RCCA Silver ICCF 2012,1/2-1/2}) (10. d5 e5 (
10... Bd7 11. Rad1 c5 12. b3 b5 13. cxb5 Bxb5 14. Nxb5 Qxb5 15. Ng5 Nc7 $14 {
Lacha-Keller, CZE ch tm 1997,1/2-1/2}) 11. Qc1 cxd5 12. cxd5 Rf7 13. Bh6 $11 {
Cleanthous-Backelin, Rilton cup Stockholm 2004,1/2-1/2}) (10. Qc1 e5 11. dxe5
dxe5 12. Bh6 e4 13. Nd4 Be6 $11 {Oney-Rabineau, Avoine op 2008,0-1}) 10... Qf7
(10... e5 {original idea} 11. dxe5 dxe5 12. e4 Nc5 $11 (12... f4 13. gxf4 Nh5
14. f5 gxf5 15. a3 f4 16. Na4 Kh8 $11 {Fritz15}) 13. exf5 Bxf5 14. Qd1 e4 15.
Nd4 Rd8 $1 16. Nxf5 gxf5 17. f3 Qe5 $15 {Fritz15}) 11. b3 h6 12. e4 Nb4 (12...
fxe4 13. Nxe4 Nxe4 14. Qxe4 Re8 15. h3 Bf5 16. Qe3 g5 17. Bc3 Nc7 $14 {Fritz15}
) 13. Qb1 Nxe4 14. Nxe4 fxe4 15. Qxe4 (15. Rxe4 $1 {Fritz15} Na6 16. Qe1 Re8
17. g4 $14) 15... Bf5 16. Qxe7 Nc2 17. Qxf7+ (17. Qxd6 Rad8 18. Qc5 Nxe1 19.
Rxe1 Bg4 20. Re7 b6 21. Rxf7 bxc5 22. Rxf8+ Rxf8 23. Ne5 Bxe5 24. dxe5 Rd8 25.
Be1 Rd1 26. Kf1 Ra1 27. Bxc6 Rxa2 $15 {Fritz15}) 17... Rxf7 18. Rd1 (18. Rc1 $1
Bd3 19. Bc3 Raf8 (19... Bxf1 20. Kxf1 Rxf3 21. Bxf3 Nxd4 22. Be4 $14) 20. Rfd1
Rxf3 21. Bxf3 Rxf3 22. Rd2 Na3 23. Bb2 Nb1 24. Rdd1 a5 25. Rxb1 Bxb1 26. Rxb1
Rd3 27. Kf1 Rd2 28. Ke1 Rc2 29. a4 $11 {Fritz15}) 18... Bd3 (18... Bg4 {
considered} 19. Rc1 Nxd4 20. Nxd4 Bxd4 21. Rce1 Bf5 22. Be4 Bh3 23. Bg2 Bf5 $11
{Fritz15}) 19. Bf4 (19. Bc3 $1 Bxf1 20. Kxf1 a5 21. Rd2 Na3 (21... Nb4 22. a3
Na6 23. Bxa5 g5 $11) 22. Bb2 a4 23. Ne1 (23. Bxa3 axb3 24. Bb2 bxa2 25. Ba1 Re7
$17) 23... Rff8 $11 {Fritz15}) 19... Bxf1 20. Kxf1 Rd8 (20... g5 $1 {Fritz15,
considered} 21. Bc1 (21. Bxd6 g4 $19 {overlooked; Fritz15} (21... Rd8 22. Rd2 (
22. Be5 g4 $1 {Fritz15} (22... Bxe5 {considered} 23. Nxe5 Ne3+ 24. Ke2 Rxf2+ $1
{overlooked} (24... Nxd1 25. Nxf7 Kxf7 26. Kxd1 Rxd4+ $19) 25. Kxe3 (25. Kxf2
Nxd1+ 26. Ke2 Rxd4 $19) 25... Rxg2 26. d5 cxd5 27. cxd5 Rxa2 $19 {Fritz15}) (
22... Ne3+ {Stray thoughts in the car back home} 23. fxe3 Bxe5 24. Ke2 Bg7 25.
Bh3 Kf8 26. Bg4 $14 {Fritz15}) 23. Bxg7 gxf3 24. Bxh6 fxg2+ 25. Kxg2 Rxd4 $19)
22... g4 23. Ne5 Ne3+ 24. Ke2 (24. Kg1 Nxg2 25. Nxf7 Kxf7 26. Kxg2 Rxd6 $19)
24... Nxg2 25. c5 Re8 26. Rd1 Bf8 $19) 22. Bf4 (22. Ne5 Bxe5 23. Bxe5 Ne3+ 24.
Ke2 Nxd1 25. Kxd1 Rxf2 $19) 22... gxf3 $19) 21... Re8 $17 {Fritz15}) 21. Rd2 (
21. h4 $11) 21... Nb4 (21... Na3 22. h4 Re7 23. h5 $11 {Fritz15}) 22. h4 $11
Re7 (22... Rxf4 23. gxf4 Rf8 24. Bh3 Rxf4 25. Kg2 $11 {considered}) 23. Nh2 (
23. a3 Na6 24. d5 {Fritz15} cxd5 (24... c5 25. h5 gxh5 (25... g5 26. Nxg5 $16)
26. Nh4 Bc3 27. Rd1 $14 {Fritz15}) 25. Rxd5 Nc7 26. Rxd6 Rxd6 27. Bxd6 Rd7 28.
Bf4 Ne6 29. Be3 Rd1+ 30. Ke2 Ra1 31. a4 $11 {Fritz15}) 23... d5 {to keep the B
from e4} (23... Kh7 24. Ng4 d5 25. a3 dxc4 26. bxc4 Na6 27. d5 $11 {Fritz15}) (
23... Na6 24. Ng4 Kh7 25. Ne3 Nc7 26. d5 c5 27. h5 $11 {Fritz15}) 24. a3 Na6 (
24... dxc4 {considered} 25. bxc4 (25. axb4 c3 26. Rd3 (26. Rc2 Rxd4 $15) 26...
Rxd4 27. Rxd4 Bxd4 28. Nf3 Bg7 29. Ne1 $11 {Fritz15}) 25... Na6 26. d5 $11 {
Fritz15}) 25. cxd5 cxd5 26. Ng4 Kh7 27. Ne3 (27. Rd3 $11) 27... Nc7 28. Bxc7
Rxc7 29. Nxd5 (29. Ke2 b5 30. Kd3 h5 31. Rd1 $11 {Fritz15}) 29... Rcd7 30. Nf4
Rxd4 31. Rxd4 Rxd4 (31... Bxd4 32. Be4 $11) 32. Bxb7 Be5 {Fritz15 keeps
chnging its evaluations here, from equal to very plus Bl} 33. Ne6 Rd3 $17 (
33... Rd6 34. Nc5 Rb6 35. Be4 Bb2 36. a4 Ba3 37. Nd3 Rxb3 38. h5 Kg7 39. Bxg6
Bd6 $17 40. Ke2 {but unclear whether Bl can win the a pawn}) 34. Nf8+ (34. h5
Rxb3 35. Be4 Rxa3 36. hxg6+ Kh8 $17 {Fritz15}) (34. Be4 Rxb3 35. Nf8+ Kg7 36.
Nxg6 Bd6 37. a4 Rb4 38. Bc2 Rc4 39. Bf5 Rxa4 40. h5 Kf6 $19) 34... Kg7 35. Nxg6
Rxb3 (35... Bd6 $1 $19 {Fritz15} 36. h5 (36. Be4 Rxb3 37. h5 (37. a4 Ra3 38.
Bc2 Ra2 39. Bd3 Rxa4 $19) 37... Rxa3 $19) 36... Rxb3 37. Be4 Rxa3 $19) 36. Be4
(36. Nxe5 Rxb7 $19) 36... Bd4 (36... Bd6 $1 37. h5 Rxa3 $19 {Fritz15} 38. Nh4
Kf6 39. Nf5 Bf8) (36... Bf6 37. Nf4 Rxa3 $19) 37. Ne7 Rxa3 (37... Kf6 38. Nf5
Rxa3 39. Nxd4 Ra4 {transposes}) 38. Nf5+ Kf6 39. Nxd4 Ra4 (39... Ke5 40. Nc2
$16) 40. Nc6 Rxe4 41. Nxa7 Ke6 (41... Ke5 $1 $19 {Fritz15} 42. Nb5 (42. Nc6+
Kd6 43. Na5 (43. Nd8 Re7 $19) 43... Rb4 $19) 42... Rc4 43. Kg2 (43. Ke2 Rc2+
44. Ke3 Rc5 45. Na7 Rc3+ 46. Ke2 Ke4 47. Nb5 (47. Kd2 Rb3 48. Nc6 Rb2+ 49. Ke1
Rb6 50. Ne7 Kf3 51. Nd5 Rb2 $19) 47... Rc2+ 48. Ke1 Rc5 49. Nd6+ Kf3 50. Nf7
Rf5 51. Nh8 (51. Nxh6 Rf6 52. Ng8 Rg6 53. Ne7 Re6+ $19 {Fritz15}) 51... Rf8 52.
Ng6 Re8+ 53. Kf1 Re2 $19) 43... Kd5 44. Na3 Rc3 45. Nb5 Rc5 46. Na3 Kd4 47. g4
(47. Kh3 Ke4 48. Kg4 Kd3 49. Nb1 Ra5 50. f3 Rb5 51. Na3 Rc5 52. Nb1 Ra5 53. f4
Rb5 54. Na3 h5+ 55. Kf3 Rb3 $19) 47... Ke4 48. f3+ Kd3 49. g5 h5 50. f4 Ke4 $19
{Fritz15}) 42. Nb5 Rc4 43. Na3 (43. Ke2 Rc2+ 44. Kd3 (44. Kf3 Kd5 45. g4 Rc5
46. Na7 Ke6 47. g5 h5 48. Kf4 Kd7 49. f3 Ke6 50. Ke3 Ke5 51. Kd3 Kf4 $19 {
Fritz15}) 44... Rxf2 45. Ke4 Re2+ 46. Kf4 Rb2 47. Nd4+ Kf6 48. g4 Rb4 49. Ke4
$17 {but Wh has a succesful barricade as Fritz15 makes no further progress})
43... Rc3 44. Nb5 Rc1+ 45. Ke2 Kd5 (45... Rc2+ $1 46. Kd3 (46. Kf3 Kd5 47. g4 (
47. Kg2 Rc5 48. Na3 Ke4 49. g4 Kd3 50. Kf3 Ra5 51. Nb1 Ra1 $19) 47... Rc5 48.
Na7 Ke6 {as above, the N is trapped & Wh runs out of pawn moves}) 46... Rxf2
47. Ke4 Rg2 48. Kf4 Rb2 49. Nd4+ Kf6 50. g4 {barricades as above}) 46. Kd2 Rf1
(46... Rc5 47. Nc3+ Kd4 48. Ne2+ Ke4 49. Ng1 Rf5 50. Ke2 Ra5 51. Kf1 Ra2 52.
Kg2 (52. Nh3 {& Bl is safe})) 47. Nc3+ Kd4 48. Nd1 Ke4 49. Ke2 $11 Rg1 50. Nc3+
{(draw?)} Kf5 51. Kf3 Ra1 52. Nd5 h5 53. Nf4 (53. Ne3+ Kg6 54. g4 hxg4+ 55.
Kxg4 Rg1+ $11 {Nalimov tablebases}) 53... Ra3+ 54. Kg2 Kg4 55. Nd5 Kf5 (55...
Rf3 $2 56. Ne3+ $18) 56. Nf4 (56. f3 Ra2+ 57. Kh3 Ra3 58. Nf4 Rxf3 59. Nxh5 Ra3
$11 {Nalimov tablebases}) 56... Kg4 {(draw?)} 1/2-1/2

[Event "WCPL:The Vale-Cardigan"]
[Site "?"]
[Date "2016.01.24"]
[Round "4.11"]
[White "Haigh, Tony"]
[Black "Jukes, Sam"]
[Result "1-0"]
[WhiteElo "1813"]
[BlackElo "1665"]
[Annotator "Kemenade"]
[PlyCount "129"]
[EventDate "2016.01.24"]
[EventCountry "WLS"]

1. d4 d5 2. Nf3 Nf6 3. c4 c6 4. cxd5 cxd5 5. Nc3 g6 (5... Nc6) 6. Bf4 Bg7 7. e3
Bd7 (7... O-O {more flexible}) 8. Qb3 Bc6 9. Nb5 $146 (9. Be2) (9. Ne5) (9. h3)
(9. Bd3 {played}) 9... Qa5+ 10. Qc3 Qxc3+ 11. bxc3 (11. Nxc3) 11... Bxb5 (11...
Na6 $11) 12. Bxb5+ Nbd7 (12... Nc6 13. Rb1 O-O {Fritz15}) 13. Ne5 (13. Rb1 $16
{Fritz15}) 13... a6 14. Nxd7 Nxd7 (14... axb5 15. Nxf6+ Bxf6 16. Kd2 Kd7 17.
Rhb1 Kc6 $11 {Fritz15}) 15. Bd3 (15. Be2 e5 16. dxe5 Bxe5 17. Bxe5 Nxe5 18.
O-O-O $14 {Fritz15}) 15... Rc8 (15... e5 16. Bg3 h5 17. h4 Ke7 $11) 16. Kd2 e5
$11 17. Bg3 O-O 18. Rhb1 Rc7 19. Rb3 Rfc8 (19... f5 20. a4 f4 21. Bh4 Bh6 $11 {
Fritz15}) 20. a4 $16 f6 21. Rab1 Nf8 (21... b6 22. Bxa6 Ra8 23. Bb5 Kf7 24. Ke2
$18 {Fritz15}) 22. Rxb7 $18 Rxc3 23. R7b3 (23. dxe5 Ra3 (23... fxe5 24. Rxg7+
Kxg7 25. Bxe5+ $18) 24. Bxa6 Rd8 (24... Rxa4 25. Rxg7+ Kxg7 26. Bxc8) 25. exf6
Bxf6 26. R1b6 $18 {Fritz15}) (23. Bxa6 exd4 24. Re7 dxe3+ 25. fxe3 Rc2+ 26. Kd1
R8c5 27. Bd6 $18 {Fritz15}) 23... exd4 24. exd4 (24. Bxa6) 24... Rxb3 25. Rxb3
Rc6 (25... Bh6+ 26. f4 Ne6 27. Bxa6 Ra8 28. Bb7 Rxa4 29. Bxd5 Rxd4+ 30. Rd3
Rxd3+ 31. Kxd3 Kf7 32. f5 gxf5 33. Bd6 $16 Bc1 34. g4 fxg4 35. Ke4 Kg6 36. Bxe6
Kg5 37. Bg3 $14 {Bl looks to have enough with 3 pawns}) 26. Rc3 Rb6 27. a5 (27.
Rc5 $18 Rb4 28. Kc3 Rxa4 29. Rxd5 h5 30. Bc2 Ra1 31. Rd8 Kh7 32. Bd6 Ne6 33.
Re8 Ng5 34. d5 {Fritz15}) 27... Rb4 28. Bxa6 Rxd4+ 29. Rd3 $18 Ne6 (29... Ra4
30. Rxd5 $18) 30. Bc8 (30. Rxd4 Nxd4 31. Kd3 Nc6 32. Bb7 Nxa5 33. Bxd5+ Kh8 34.
Bc7 $18 {Fritz15}) 30... Bh6+ 31. f4 (31. Kc2 Rc4+ 32. Rc3 Re4 33. a6 $18 {
Fritz15}) 31... Re4 32. Bxe6+ Rxe6 33. Rxd5 $18 Re4 34. Kd3 (34. a6 Ra4 35. Rd6
Kf7 36. Kc3 f5 37. Kb3 Ra1 38. Rc6 (38. Rd7+ Ke6 39. Rxh7 Bf8 40. Ra7 Bc5 41.
Rg7 Kf6 42. Rc7 Bg1 43. Rc6+ Kf7 44. Bh4 $18) 38... Bf8 39. Bf2 $18 {Fritz15})
34... Ra4 35. f5 gxf5 36. Rxf5 Kf7 37. Bc7 (37. Be1) 37... Bf8 38. Rb5 (38. Bd8
Be7 39. Bxe7 Kxe7 40. Rh5 Ke6 41. g3 $18 {Fritz15}) 38... Ke8 39. Rb8+ (39. Rh5
) 39... Kd7 40. Rxf8 Kxc7 41. Rxf6 Rxa5 42. Rf7+ Kd6 43. Rxh7 $18 Ke6 44. Rg7 (
44. g4) 44... Kf6 45. Rg4 Kf5 46. h3 (46. Rg8) 46... Ra3+ 47. Ke2 Ra2+ 48. Kf3
Ra3+ 49. Kf2 Ra2+ 50. Kg3 Ra3+ 51. Kh4 Ra7 52. Rg5+ Kf4 53. g3+ Kf3 54. Rf5+
Ke4 55. g4 Rh7+ 56. Kg3 Rh8 57. h4 Ra8 58. Rf4+ (58. h5) 58... Ke5 59. g5 Ra3+
60. Kg4 Ra1 61. Rf5+ (61. Rf2) 61... Ke4 62. Rf6 Ke5 63. Rf2 Ke6 64. g6 (64.
Kh5) 64... Ra5 65. g7 1-0

[Event "WCPL:The Vale-Cardigan"]
[Site "?"]
[Date "2016.01.24"]
[Round "4.12"]
[White "Bonutto, Stephen"]
[Black "Van Kemenade, Julie"]
[Result "1/2-1/2"]
[WhiteElo "1379"]
[BlackElo "1738"]
[Annotator "Kemenade"]
[PlyCount "110"]
[EventDate "2016.01.24"]
[EventCountry "WLS"]

1. d4 (1. e4 d6 2. d4 Nf6 3. Nc3 c6 {Bonutto-Van Kemenade, S.wales New Year
2016,0-1}) 1... d6 2. c4 Nf6 3. Nc3 g6 4. Nf3 Bg7 5. Bg5 Nbd7 6. e3 h6 7. Bxf6
(7. Bh4 g5 8. Bg3 Nh5 9. Be2 {more in keeping with the Smyslov System}) 7...
Bxf6 (7... Nxf6 {more frequent, text controls e5}) 8. Be2 Bg7 {0-2} (8... e5) (
8... O-O {score well for Bl}) 9. O-O O-O 10. Qc2 e5 (10... a6 11. b3 Nf6 12.
Rad1 e6 13. d5 Qe7 14. Rd2 e5 {Ohnesorg-Baust, RLP ch Ludwigshafen 2007,0-1}) (
10... c5 11. Rad1 cxd4 12. Nxd4 a6 13. h3 Nc5 14. b4 Ne6 15. Bf3 Ng5 16. Be2
Bd7 17. Rd2 Rc8 {Ignacz-Lorand, HUN ch tm U18 Miskolc 2008,0-1}) 11. Rad1 (11.
dxe5 dxe5 12. e4 c6 13. b4 Qe7 14. a3 Re8 15. c5 Nf8 {Vasquez-Galego, Boavista
ch Lisbon 2004,0-1}) 11... c6 (11... f5 12. dxe5 dxe5 13. e4 f4 14. b4 a5 15.
c5 c6 16. b5 $16 {Morea-Clarke, EU ch U12 Mureck 2007,1-0}) (11... exd4 12.
Nxd4 Re8 13. Rc1 c6 14. Nf3 Qe7) 12. b3 Qe7 13. Rfe1 Nf6 (13... f5 $5) 14. dxe5
(14. c5 dxc5 15. Nxe5 cxd4 16. exd4 Qd6 17. Bc4 Bf5 $11 {Fritz15}) 14... dxe5
15. h3 (15. e4 Nh5 16. g3 Bh3 $11 {Fritz15}) 15... g5 (15... Bf5 16. e4 Bc8 $11
) (15... e4 16. Nd4 Re8 $11) 16. Nh2 Ne8 17. Ne4 f5 18. Ng3 Nf6 $2 (18... e4
$15 19. Nh5 Be5) 19. Nxf5 Bxf5 20. Qxf5 $16 e4 21. Qa5 (21. Ng4) 21... a6 (
21... b6) 22. Qd2 Rad8 23. Qc2 Qb4 24. Nf1 Rde8 25. Ng3 Re5 26. Qd2 Qxd2 27.
Rxd2 Rfe8 28. Red1 Bf8 29. Nh5 Nxh5 30. Bxh5 R8e7 31. Rd6 (31. Rd8 Kg7 32. Rb8
Rc7 33. Rdd8 Rf5 34. Re8 $18 {Fritz15}) 31... R5e6 32. Rxe6 (32. Rd8 $18) 32...
Rxe6 33. Rd7 Rf6 (33... Re7 34. Rd8 $16 {Fritz15} (34. Rxe7 Bxe7 35. Bg6 Kg7
36. Bxe4 $18 {Rudy})) 34. Rxb7 $18 a5 35. Rd7 Bb4 36. Rd8+ (36. Kf1 {stops any
Bl invasions}) 36... Kg7 37. Re8 Be1 38. Re7+ (38. f3) 38... Kg8 (38... Kf8 {
Rudy} 39. Rxe4 Rxf2 40. Re8+ Kg7 41. Re7+ Kf8 42. Rc7 Rxa2 43. Rxc6 Bf2+ 44.
Kh2 Bxe3 45. Kg3 $16 {Fritz15}) 39. f3 (39. Kf1 Bxf2 40. Rf7 Rxf7 41. Bxf7+
Kxf7 42. Kxf2 $18 {Fritz15}) 39... exf3 40. Bxf3 Rd6 41. Kf1 Bb4 42. Rc7 c5 43.
Bd5+ Kf8 44. Rc6 $2 {swapping off an active R for a passive one, letting the K
escape off the backrank, & getting into an opposite colour B endgame without
two passed pawns} (44. e4 $18 Bc3 45. Ke2 (45. Rxc5) 45... Bd4 46. e5 (46. Kd3
Ra6 47. e5 Bxe5 48. Rxc5 $18) 46... Bxe5 47. Rxc5 Bc3 48. a3 Ke7 49. Kd3 Be1
50. Rb5 Rd8 51. b4 axb4 52. axb4 {and the connected passed pawns will win,
Fritz15}) 44... Rxc6 45. Bxc6 {Engines may think this is a definite plus for
Wh, but there is no way to make use of the extra Q side pawn. And the K pawn
is easily blockaded} Ke7 46. Ke2 Kf6 (46... Kd6) 47. g4 {taking away
infiltration chances on the K side, not that these were that great anyway} Ke5
48. Kd3 Ba3 49. Ke2 Bb4 50. Kf3 Bd2 51. Ke2 Bb4 {(draw?)} 52. Kd3 Ba3 53. Ke2
Bb4 54. Kf3 Ba3 55. Kg3 Bb4 1/2-1/2

[Event "WCPL:Cardiff-Abergavenny"]
[Site "?"]
[Date "2016.01.24"]
[Round "4.15"]
[White "Powell, Lloyd"]
[Black "Jones, Derek"]
[Result "1/2-1/2"]
[WhiteElo "1900"]
[BlackElo "2096"]
[PlyCount "129"]
[EventDate "2016.01.24"]
[EventCountry "WLS"]

1. d4 Nf6 2. c4 c5 3. d5 b5 4. cxb5 a6 5. bxa6 g6 6. Nc3 Bxa6 7. g3 d6 8. Bg2
Bg7 9. Nf3 Nbd7 10. O-O Nb6 11. Re1 O-O 12. a4 Nc4 13. Rb1 Rb8 (13... Qa5 14.
Qc2 Nd7 15. Na2 Bb7 (15... Nde5 16. Rd1 Nxf3+ 17. Bxf3 Bb5 18. b3 Bxa4 19. Qxc4
Bb5 20. Qe4 Qxa2 21. Bf4 Rfe8 22. Kg2 Bd7 23. Qd3 Reb8 24. h4 Ra7 25. Rd2 Qa6
26. Qc2 Rab7 27. e4 Rb4 28. e5 Bf5 29. Qc1 Bxb1 30. Qxb1 {Schmidt,J-Melamed,T 
(2312) Germany 2010 0-1 (33)}) 16. Qxc4 Ne5 17. b4 Nxc4 18. bxa5 Bxd5 19. e4
Be6 20. Ng5 Bd7 21. e5 Rxa5 22. exd6 Nxd6 23. Bb2 Bf5 24. Bxg7 Kxg7 25. Rbc1
Rxa4 26. Nc3 Ra7 27. Nge4 Bxe4 28. Bxe4 {Guidarelli,L (2448) -Sermek,D (2555)
Steinbrunn 2005 1-0 (68)}) 14. Qc2 Nd7 15. b3 Qa5 16. Na2 Nde5 17. Rd1 Nxf3+
18. Bxf3 Ne5 19. Bg2 Rfc8 (19... Bc8 20. Bg5 Re8 21. Nc3) 20. Bd2 Qd8 21. Nc3
Rb7 22. h3 Rcb8 23. f4 Nd7 24. Kh2 c4 25. b4 (25. bxc4 Bxc4 26. Rxb7 Rxb7 27.
Rb1) 25... Rxb4 26. Nb5 Rxb1 27. Rxb1 Bxb5 28. axb5 c3 (28... Qc7 29. Be3) 29.
Be1 (29. Bxc3 Qc7 30. Rb3 Rc8) 29... Qa5 30. Be4 Rxb5 31. Rxb5 Qxb5 32. Bxc3
Bxc3 33. Qxc3 Qxe2+ 34. Bg2 Nc5 35. Qd4 (35. Kg1 Nd3 36. Qc8+ Kg7 37. Qc3+ f6)
35... Nd3 36. Qc4 Qd2 37. Qd4 Qe2 {Twofold repetition} (37... h5 38. h4) 38.
Qc4 Qd2 39. Qd4 h6 40. Kg1 Qc1+ 41. Bf1 (41. Kh2 Ne1 42. Be4 f5) 41... Ne1 42.
Kf2 Nc2 43. Qe4 (43. Qc3) 43... Qd2+ 44. Be2 Qd4+ (44... Kf8) 45. Qxd4 Nxd4 46.
Bd3 Kg7 47. g4 {White prepares the advance f5} g5 48. Ke3 Nb3 49. Bc2 Nc5 50.
f5 Kf6 51. Kd4 e5+ 52. dxe6 fxe6 53. fxe6 Nxe6+ 54. Ke4 (54. Kd5 Ke7 55. Ke4)
54... Nf4 55. h4 (55. Bd1 Nxh3 56. Kd5) 55... d5+ 56. Kf3 (56. Ke3 Ng2+ 57. Kf2
Nxh4) 56... Ke5 57. hxg5 hxg5 58. Ke3 (58. Bf5) 58... d4+ 59. Kd2 d3 $4 60. Ba4
(60. Bxd3 Nxd3 61. Kxd3 Kf4) 60... Nh3 61. Kxd3 Kf4 62. Bd7 Nf2+ 63. Ke2 Nxg4
64. Kf1 Ne3+ 65. Kf2 1/2-1/2

[Event "WCPL:Cardiff-Abergavenny"]
[Site "?"]
[Date "2016.01.24"]
[Round "4.17"]
[White "Parry, Matthew"]
[Black "Sivarajasingam, Shayanna"]
[Result "1-0"]
[WhiteElo "1899"]
[BlackElo "1540"]
[PlyCount "143"]
[EventDate "2016.01.24"]
[EventCountry "WLS"]

1. d4 d5 2. c4 e6 3. Nc3 Nf6 4. cxd5 exd5 5. Bg5 c6 6. e3 Be7 7. Bd3 O-O 8. Qc2
Nbd7 9. Nf3 Re8 10. O-O h6 11. Bh4 Ne4 12. Bxe7 Qxe7 13. Rab1 a5 14. a3 Ndf6
15. Ne5 Nxc3 16. Qxc3 c5 17. Bb5 Ne4 18. Qc2 Rd8 19. Bd3 cxd4 20. exd4 Nd6 21.
Rfe1 Qg5 22. Re3 Nf5 23. Rf3 g6 24. Qc7 Be6 25. Bxf5 Rac8 $2 (25... Rdc8 $1 26.
Nxf7 (26. h4 Rxc7 27. hxg5 Bxf5 28. Re1 hxg5 $15) 26... Rxc7 27. Nxg5 Bxf5 28.
Rxf5 gxf5) 26. Nxf7 $1 Rxc7 27. Nxg5 Bxf5 28. Rxf5 gxf5 29. Ne6 Rdc8 30. Nxc7
Rxc7 $16 31. Kf1 Rc4 (31... Rc2 32. Re1 Rxb2 33. Re5 Kf7 34. Rxf5+ Ke6 35. Rh5
Rb3) 32. Ke2 Rxd4 33. Rc1 Re4+ 34. Kd3 Kf7 35. Rc7+ Kf6 36. g3 (36. Rxb7) 36...
Re6 (36... f4 37. Rxb7 f3 38. Rc7 a4 $16) 37. Rxb7 Ra6 38. Rb5 Ke5 39. f4+ Ke6
40. Kd4 a4 41. Rxd5 Rb6 42. Re5+ Kf6 43. Re2 Rb3 44. Kc4 h5 45. Rd2 Ke6 46. Kc5
Kf7 (46... h4 47. Rd6+ Kf7 48. gxh4 Rh3 49. Rh6 (49. Ra6 Rxh2 50. Rxa4 $18)
49... Rxh2 50. Kb4 (50. Ra6)) 47. Kc6 Kf6 48. Rd6+ Kg7 49. Rd7+ Kg6 50. Rb7 Rd3
51. Kb5 Rb3+ 52. Ka6 Re3 53. Rb6+ Kg7 54. Ka5 Re2 55. Kxa4 Rxh2 56. Rb3 h4 57.
gxh4 Rxh4 58. Rb4 Kg6 59. Kb5 Rh1 60. a4 Kf6 61. Kc5 Ra1 62. Rb6+ Ke7 63. b3
Kf7 64. Kd5 Re1 65. Rb4 Kf6 66. a5 Ra1 67. Ra4 Rd1+ 68. Kc5 Rc1+ 69. Kb6 Rc3
70. Rb4 Rc8 71. a6 Ke6 72. a7 1-0

[Event "WCPL:Cardiff-Abergavenny"]
[Site "?"]
[Date "2016.01.24"]
[Round "4.18"]
[White "Sivarajasingam, Venetia"]
[Black "Waterfield, John W"]
[Result "1-0"]
[WhiteElo "1556"]
[BlackElo "1913"]
[PlyCount "91"]
[EventDate "2016.01.24"]
[EventCountry "WLS"]

1. e4 c5 2. Nf3 Nc6 3. Bb5 Nd4 4. Nxd4 cxd4 5. O-O g6 6. d3 Bg7 7. f4 a6 8. Bc4
b5 9. Bd5 Rb8 10. Nd2 e6 11. Bb3 Ne7 12. Nf3 d5 13. a4 O-O 14. axb5 axb5 15.
Bd2 dxe4 16. dxe4 Nc6 17. Qe1 Qb6 18. Kh1 Ba6 19. Qh4 b4 20. Rfe1 Na5 21. Ba2
Nc4 22. Bxc4 Bxc4 23. f5 exf5 24. exf5 Qf6 25. fxg6 Qxh4 26. gxf7+ Rxf7 27.
Nxh4 Rf2 (27... d3 28. cxd3 Bxd3 $15) 28. Nf3 d3 29. Kg1 Re2 (29... Rxf3 30.
gxf3 dxc2 31. Bc1 $11 {[%csl Gb2,Gc1][%cal Gc1b2]}) (29... Rxd2 30. Nxd2 Bxb2
31. Nxc4 Bd4+ 32. Kh1 Bxa1 33. Rxa1 dxc2 34. Nb2 Rd8 35. Rc1 b3 36. Kg1 Rd2 $17
) 30. Rxe2 dxe2 31. Ra4 Bf8 (31... Bxb2 32. Rxb4 Rxb4 33. Bxb4 Kf7 $14) 32. Kf2
Bc5+ 33. Be3 Bb5 $6 (33... Bxe3+ 34. Kxe3 Re8+ 35. Kd4 Bf7) 34. Ra5 Bxe3+ 35.
Kxe3 Re8+ 36. Kf2 e1=Q+ 37. Nxe1 Re2+ 38. Kf3 Re5 39. Ra8+ Kg7 40. Ra7+ Kg6 41.
Nd3 Bc6+ 42. Kf2 Rf5+ 43. Ke3 Rf6 44. Ra6 Kf5 45. Nxb4 Re6+ 46. Kf2 1-0

[Event "WCPL:Cardigan-Nidum"]
[Site "?"]
[Date "2016.04.16"]
[Round "6.13"]
[White "Davies, Matthew"]
[Black "Williams, A. Howard"]
[Result "0-1"]
[WhiteElo "2021"]
[BlackElo "2350"]
[Annotator "Kemenade"]
[PlyCount "50"]
[EventDate "2016.??.??"]

1. d4 Nf6 2. c4 e6 3. Nc3 Bb4 4. e3 O-O 5. Nge2 (5. Nf3 b6 6. Bd3 Bb7 7. Qc2 d5
8. cxd5 exd5 9. Bd2 a6 {Davies-Williams, Dyfed Open 20121,0-1}) 5... d5 6. a3
Be7 7. cxd5 exd5 8. g3 c6 9. Bg2 Bf5 10. O-O {all the main line so far,Bl goes
down a lesser route} Bd6 (10... Nbd7) (10... Re8 {main lines}) 11. Re1 $146 {
trying to enforce e4?} (11. b4 {eg Kortschnoj-Cuellar Gacharna, Sousse 1967,1-0
}) (11. f3 {eg Petrosian-Timman, Bugojno 1982,1-0}) 11... Re8 12. Kh1 (12. f3)
12... Ng4 (12... Nbd7 $15 {Fritz15}) (12... Qb6 $15 {Fritz15}) 13. Kg1 Nd7 14.
h3 (14. Nf4 Ngf6 15. f3 $11 {Fritz15 & Cloud Engines in 2015}) 14... Ngf6 15.
g4 Bg6 16. f4 $6 {weakens e3 permanently in pursuit of a single move trap} (16.
Nf4 Ne4 17. Nxe4 Bxe4 18. f3 Bc2 19. Qxc2 Bxf4 20. Qd3 $11 {Fritz15}) 16... Be4
$15 17. Ng3 g6 (17... Bxg2 18. Kxg2 Nb6 19. b3 h6 $15 {Fritz15}) 18. Bxe4 Nxe4
19. Ncxe4 dxe4 $15 {Wh is left with a bad B impeded by the pawn on e3} 20. Kg2
Nf6 21. g5 (21. Qc2 Qe7 22. Bd2 Nd5 $15) 21... Nd5 22. Bd2 Qe7 23. Qe2 (23. h4
{Fritz15; tries to distract Bl with a K side diversion}) 23... Rad8 24. Rh1 (
24. Rf1) 24... c5 $19 (24... Bxf4 $1 $19 {Fritz15} 25. exf4 e3 26. Kh2 exd2 27.
Qxd2 Qd6 28. Rhf1 Ne3 29. Rf2 Qxd4 {& Bl's centre has been demolished}) 25. Bc3
$2 Bxf4 $19 0-1